00542nam a2200205 a 4500001001300000003000900013005001700022008004100039020002300080082001600103100001500119245004200134260002800176300000900204500003500213505001800248650003400266700002000300700001600320nice12345678IN_TiNIC20260116014215.0090129s2006 dela grp 000 0 eng  a8178294 c42000a001.42bHEN aHann, Matt aShort Introduction to Social Research aDelhi bSage Pub c2006 a285p aincludes index and biblioraphy2 abiblio, index aResearch Methodology-Socilogy1 aMark, Weinstein1 aNick, Foard